| 000 | 00573nam a2200205 4500 | ||
|---|---|---|---|
| 999 |
_c3347 _d3347 |
||
| 001 | 10770 | ||
| 003 | BD-DhUAP | ||
| 005 | 20200303163044.0 | ||
| 008 | 200303s2002 -hka|||| |||| 000 0 eng d | ||
| 020 | _a1840134259 | ||
| 040 |
_aBD-DhUAP _bEng _cBD-DhUAP _dBD-DhUAP |
||
| 082 |
_223 _a743.4 AMB |
||
| 100 | _aAmbrus, Victor. | ||
| 245 |
_aHow to draw the human figure / _cVictor Ambrus. |
||
| 260 |
_aHong Kong : _bGrange book, _cc2006. |
||
| 300 |
_a117 pages : _billustrations ; _c30 cm. |
||
| 650 | _aHuman figure in art. | ||
| 650 | _aFigure drawing. | ||
| 942 |
_2ddc _cBK |
||